Normal view MARC view

Entry AUTORIDADES PERSONAS

Number of records used in: 1

001 - NÚMERO DE CONTROL

  • campo de control: 504

003 - CONTROL

  • campo de control: AR-BaSMT

005 - FECHA Y HORA DE LA ÚLTIMA TRANSACCIÓN

  • campo de control: 20260512103506.0

008 - ELEMENTOS LONGITUD FÍSICA

  • campo de control de longitud fija: 260512|| aca||aabn | a|a d

024 7# - OTROS INDICADORES NORMALIZADOS

  • Fuente: CONICET
  • Número estándar o código: https://www.icytac.conicet.unc.edu.ar/integrantes/arrieta-ezequiel/

040 ## - FUENTE DE CATALOGACIÓN

  • Agencia que cataloga: AR-BaSMT
  • Idioma de catalogación: spa
  • Norma: RDA

100 1# - ENCABEZAMIENTO-NOMBRE DE PERSONA

  • Nombre de persona: Arrieta, Ezequiel Martín

370 ## - LUGAR ASOCIADO

  • País de nacimiento : Argentina

372 ## - CAMPO DE ACTIVIDAD

  • Fuente (LEMB) : LEMB
  • Campo en el que la persona se ha dedicado : Investigación
  • Campo en el que la persona se ha dedicado : Biólogo

374 ## - OCUPACIÓN

  • Fuente Ej: LEMB : LEMB
  • Ocupación: Investigador
  • Ocupación: Divulgador

375 ## - GÉNERO/SEXO

  • Masculino, femenino, desconocido, intersexo, … : Hombre

377 ## - IDIOMA ASOCIADO

  • Código (spa) : spa
  • Lengua (español) : español

400 ## - TRAZADO DE VÉASE--NOMBRE DE PERSONA

  • Nombre de persona: Ezequiel Martín Arrieta

670 ## - FUENTE DE DATOS ENCONTRADOS

  • Cita de la fuente: Lo que el cuerpo sabe, 2026
  • Donde se localiza la información: portada

Powered by Koha